EVERY Ride & Attraction at Alton Towers Resort 2026 - Statistics

General Stats
  • This quiz has been taken 16 times
  • The average score is 22 of 40
Answer Stats
Picture Hint Answer % Correct
X-Sector Oblivion
100%
Dark Forest TH13TEEN
100%
X-Sector The Smiler
100%
The Towers Hex
91%
Dark Forest Rita
91%
Mutiny Bay Wicker Man
91%
Katanga Canyon Congo River Rapids
82%
Forbidden Valley Galactica
82%
The Towers Gangsta Granny The Ride
82%
Forbidden Valley Nemesis Reborn
82%
Forbidden Valley Nemesis Sub Terra
82%
Katanga Canyon Runaway Mine Train
82%
The Towers Spinball Whizzer
82%
Cbeebies Land Bluey the Ride: Here Come the Grannies!
73%
Cbeebies Land Octonauts Rollercoaster Adventure
73%
Cbeebies Land Go Jetters Vroomster Zoom Ride
64%
Transport Monorail
64%
Transport Skyride
64%
Mutiny Bay Battle Galleons
55%
Cbeebies Land Hey Duggee Big Adventure Badge
55%
The Towers Raj's Bouncy Bottom Burp
55%
Forbidden Valley Toxicator
55%
Mutiny Bay Heave Ho
45%
Mutiny Bay Sharkbait Reef
45%
The Towers The Gardens
45%
Gloomy Wood Curse at Alton Manor
36%
Mutiny Bay Marauders Mayhem
36%
Cloud Cuckoo Land Cuckoo Cars Driving School
27%
Gloomy Wood Haunted Hollow
27%
Cbeebies Land In The Night Garden Magical Boat Ride
27%
Cbeebies Land Justin's Pie-O-Matic Factory
27%
Cbeebies Land Peter Rabbit Hippity Hop
27%
The Towers The Towers
27%
Cbeebies Land Andy's Adventures Dinosaur Dig
18%
Cbeebies Land Get Set Go Tree Top Adventure
18%
Cbeebies Land Jojo & Gran Gran At Home
18%
The Towers Royal Carousel
18%
Cbeebies Land Something Special Sensory Garden
18%
Cbeebies Land Big Fun Show Time
9%
Cbeebies Land Bugbie Go Round
9%
No matching quizzes found
Score Distribution
Percent of People with Each Score
Percentile by Number Answered
Your Score History
You have not taken this quiz